Catálogo
 En Linea

Húngaros en la Argentina / (Registro nro. 6439)

Detalles MARC
000 -CABECERA
campo de control de longitud fija 01106cam a2200301 a 4500
001 - NÚMERO DE CONTROL
campo de control 000006649
005 - FECHA Y HORA DE LA ÚLTIMA TRANSACCIÓN
campo de control 20200929153950.0
008 - DATOS DE LONGITUD FIJA--INFORMACIÓN GENERAL
campo de control de longitud fija 001213s1999 ag a f000 0dspa d
020 ## - NÚMERO INTERNACIONAL ESTÁNDAR DEL LIBRO
Número Internacional Estándar del Libro 9879350065
040 ## - FUENTE DE LA CATALOGACIÓN
Centro catalogador/agencia de origen DO-SdBNP
Lengua de catalogación spa
Centro/agencia transcriptor LC
Centro/agencia modificador BNPHU
041 17 - CÓDIGO DE LENGUA
Código de lengua del texto/banda sonora o título independiente spa
Código de lengua original hun
Fuente del código Código de idioma MARC
082 ## - NÚMERO DE LA CLASIFICACIÓN DECIMAL DEWEY
Número de clasificación 943.982
Número de documento/Ítem K96h
049 ## - FONDOS LOCALES (OCLC)
Fondos de biblioteca BNGR
100 1# - ENTRADA PRINCIPAL--NOMBRE DE PERSONA
Nombre de persona Kurucz, Ladislao.
9 (RLIN) 18477
240 10 - TÍTULO UNIFORME
Título uniforme A magyarok Argentinaban,
Lenguaje de la obra Español
245 10 - MENCIÓN DE TÍTULO
Título Húngaros en la Argentina /
Mención de responsabilidad, etc. Ladislao Kurucz ; traducción castellana Peter Kiss ; editor Lido Lacomini.
260 ## - PUBLICACIÓN, DISTRIBUCIÓN, ETC.
Lugar de publicación, distribución, etc. Buenos Aires :
Nombre del editor, distribuidor, etc. Biblioteca Nacional,
Fecha de publicación, distribución, etc. 1999.
300 ## - DESCRIPCIÓN FÍSICA
Extensión 320 p. :
Otras características físicas il. ;
Dimensiones 23 cm.
534 ## - NOTA SOBRE LA VERSIÓN ORIGINAL
Frase introductoria Traducción castellana:
Mención de título del original A magyarok Argentinaban
651 #4 - PUNTO DE ACCESO ADICIONAL DE MATERIA--NOMBRE GEOGRÁFICO
Nombre geográfico Hungría
Subdivisión geográfica Argentina
Subdivisión general Historia
Subdivisión cronológica SIGLO XX
9 (RLIN) 18478
651 #4 - PUNTO DE ACCESO ADICIONAL DE MATERIA--NOMBRE GEOGRÁFICO
Nombre geográfico Hungría
Subdivisión general Emigración E Inmigración
9 (RLIN) 18479
651 #4 - PUNTO DE ACCESO ADICIONAL DE MATERIA--NOMBRE GEOGRÁFICO
Nombre geográfico Argentina
Subdivisión general Emigración E Inmigración
9 (RLIN) 18480
650 #4 - PUNTO DE ACCESO ADICIONAL DE MATERIA--TÉRMINO DE MATERIA
Término de materia o nombre geográfico como elemento de entrada Inmigrantes
Subdivisión geográfica Argentina
9 (RLIN) 18481
651 #4 - PUNTO DE ACCESO ADICIONAL DE MATERIA--NOMBRE GEOGRÁFICO
Nombre geográfico Argentina
Subdivisión general Historia
9 (RLIN) 18482
700 1# - PUNTO DE ACCESO ADICIONAL--NOMBRE DE PERSONA
Nombre de persona Kiss, Peter,
Término indicativo de función/relación tr.
9 (RLIN) 18483
700 1# - PUNTO DE ACCESO ADICIONAL--NOMBRE DE PERSONA
Nombre de persona Lacomini, Lido,
Término indicativo de función/relación ed.
9 (RLIN) 18484
910 ## - DATOS DE OPCIÓN DEL USUARIO (OCLC)
Datos de opción del usuario Catalogación por copia / LC
Existencias
Estado de retiro Estado de pérdida Restricciones de uso No para préstamo Código de colección Localización permanente Ubicación/localización actual Ubicación en estantería Fecha de adquisición Número de inventario Total de préstamos Signatura topográfica completa Código de barras Fecha visto por última vez Precio válido a partir de Tipo de ítem Koha
    Préstamo interno   Monografías: Libros y Folletos General General En catalogación 01.09.2009 LF1   943.982 K96h 6649-10 25.06.2020 25.06.2020 Préstamo interno

Con tecnología Koha